Statistiques concernant Villes françaises par emojis - Cliquez

Cliquez ici pour prendre le quiz!

Statistiques générales

  • Ce quiz a été pris 1 078 fois
  • Le résultat moyen est 10 sur 15

Statistiques - réponses

HintRéponse% Correct
🇫🇷🗼⚜️Paris
93%
🥨⛪️↗️Strasbourg
84%
🦁✏️👨‍🍳Lyon
80%
🍷🐆🪞Bordeaux
76%
🏉↙️🪻Toulouse
75%
⚓️🏝️🇲🇶Fort-de-France
70%
Ⓜ️🚕Marseille
68%
🐘🔰🐥Nantes
65%
🦅☀️↘️Nice
63%
🍾⛪️😇Reims
60%
🦎⚓️↖️Le Havre
59%
🐊🌴🏟️Nîmes
50%
⚜️🏰🦎Blois
49%
🦄⬆️⛪️Amiens
44%
⬆️🌷⚜️Lille
37%

Distribution des résultats

Percentile par nombre de réponses

% des personnes avec chaque résultat

Votre développement - résultats

Vous n’avez pas pris ce quiz